Emotional intelligence : (Record no. 12730)
[ view plain ]
| 000 -LEADER | |
|---|---|
| fixed length control field | 00915nam a2200277 a 4500 |
| 001 - CONTROL NUMBER | |
| control field | 12730 |
| 003 - CONTROL NUMBER IDENTIFIER | |
| control field | BD-JhCC |
| 005 - DATE AND TIME OF LATEST TRANSACTION | |
| control field | 20230509095144.0 |
| 008 - FIXED-LENGTH DATA ELEMENTS--GENERAL INFORMATION | |
| fixed length control field | 23 s20211996enka e 001 0 eng |
| 020 ## - INTERNATIONAL STANDARD BOOK NUMBER | |
| International Standard Book Number | 9789354352805 |
| 035 ## - SYSTEM CONTROL NUMBER | |
| System control number | (BD-JhCC)12730 |
| 040 ## - CATALOGING SOURCE | |
| Original cataloging agency | StDuBDS |
| Modifying agency | UkOxU |
| -- | BD-JhCC |
| Transcribing agency | BD-JhCC |
| 050 #4 - LIBRARY OF CONGRESS CALL NUMBER | |
| Classification number | BF561 |
| Item number | .G65 2004 |
| 082 04 - DEWEY DECIMAL CLASSIFICATION NUMBER | |
| Classification number | 152.4 |
| Edition number | 22 |
| Item number | GOL 2021 |
| 100 1# - MAIN ENTRY--PERSONAL NAME | |
| Personal name | Goleman, Daniel. |
| 245 10 - TITLE STATEMENT | |
| Title | Emotional intelligence : |
| Remainder of title | why it can matter more than IQ / |
| Statement of responsibility, etc. | Daniel Goleman. |
| 260 ## - PUBLICATION, DISTRIBUTION, ETC. | |
| Place of publication, distribution, etc. | London : |
| Name of publisher, distributor, etc. | Bloomsbury, |
| Date of publication, distribution, etc. | 2021. |
| 300 ## - PHYSICAL DESCRIPTION | |
| Extent | xxi, 325 p. : |
| Dimensions | 20 cm. |
| 500 ## - GENERAL NOTE | |
| General note | Emotional intelligence originally published: 1996. Working with emotional intelligence originally published: 1998. |
| 504 ## - BIBLIOGRAPHY, ETC. NOTE | |
| Bibliography, etc. note | Includes bibliographical references and indexes. |
| 650 #0 - SUBJECT ADDED ENTRY--TOPICAL TERM | |
| Topical term or geographic name entry element | Emotional intelligence. |
| 650 #2 - SUBJECT ADDED ENTRY--TOPICAL TERM | |
| Topical term or geographic name entry element | Emotional Intelligence. |
| 650 #2 - SUBJECT ADDED ENTRY--TOPICAL TERM | |
| Topical term or geographic name entry element | Emotions. |
| 650 #2 - SUBJECT ADDED ENTRY--TOPICAL TERM | |
| Topical term or geographic name entry element | Cognition. |
| 942 ## - ADDED ENTRY ELEMENTS (KOHA) | |
| Source of classification or shelving scheme | Dewey Decimal Classification |
| Koha item type | Books |
| Withdrawn status | Lost status | Source of classification or shelving scheme | Damaged status | Not for loan | Home library | Current library | Shelving location | Date acquired | Cost, normal purchase price | Total Checkouts | Full call number | Barcode | Checked out | Date last seen | Date last checked out | Copy number | Price effective from | Koha item type |
|---|---|---|---|---|---|---|---|---|---|---|---|---|---|---|---|---|---|---|
| Dewey Decimal Classification | JCC Rouf Library | JCC Rouf Library | General Stacks | 05/09/2023 | 500.00 | 14 | 152.4 GOL 2021 | 17700 | 11/10/2025 | 10/15/2025 | 10/15/2025 | C-1 | 05/09/2023 | Books |